Представление документа в формате RUSMARC

ПолеНазваниеЗначение
  Тип записи a
  Библиографический уровень m
001 Контрольный номер RU/УОНБ/EK/295719630
005 Дата корректировки 20250707164041.6
010 Индекс ISBN __
a ISBN 978-5-91308-032-5
d Цена 20 р.
9 Тираж 100 экз.
100 Данные общей обработки __
a Данные общей обработки 20090514d2007 ||||0rusy0189||||ca
101 Язык документа 0_
a Язык текста rus
102 Страна публикации __
a Страна публикации RU
105 Кодированные данные (монография) __
a Кодированные данные (монография) y z 000ay
200 Заглавие и сведения об ответственности 1_
a Заглавие Миросозерцание
e Сведения, относящиеся к заглавию социально-философская ремарка к стихам и прозе
f Первые сведения об ответственности В.А. Пахмутов
205 Сведения об издании __
a Основные сведения об издании 2-е изд., испр. и доп.
210 Выходные данные 1_
a Место издания Ульяновск
c Издательство Вектор-С
d Дата издания 2007
215 Физическое описание __
a Объем 64 с.
d Формат 21 см
606 Тематические рубрики 0_
a Основная рубрика Проза (х. л.)
610 Ключевые слова 0_
a Ключевые слова писатели Ульяновска
610 Ключевые слова 0_
a Ключевые слова публицистика
686 Индексы других классификаций __
a Классификационный индекс 84-47
2 Код системы rubbk
700 Автор _0
a Фамилия Пахмутов
b Имя (инициалы) В.А.
g Полное личное имя Валентин Алексеевич
801 Источник записи _0
a Страна RU
b Организация Ульяновская ОНБ
c Дата составления 20090514
g Правила каталогизации RCR
801 Источник записи _1
a Страна RU
b Организация Ульяновская ОНБ
c Дата составления 20090514
g Правила каталогизации RCR
901 Тип документа __
t Тип документа m
909 Создатель записи __
a Создатель записи Морозова Н.А.
938 Служебная информация __
a Имя БД kraeved_work
b Имя библиотеки УОНБ
c Имя АИБС МАРК-SQL
d Номер DOC_ID в БД 4937